3 anys d'ajuntaments democràtics
Descripción Física:
355 f. ; 30 cm
MARC
| LEADER | 00000nam a2200000Ia 4500 | ||
|---|---|---|---|
| 001 | 8931 | ||
| 008 | 160829s9999 xx 000 0 cat d | ||
| 080 | |a M-1-107 | ||
| 245 | |a 3 anys d'ajuntaments democràtics | ||
| 246 | 3 | 3 | |a Tres anys d'ajuntaments democràtics |
| 260 | |a Barcelona : |b Diputació de Barcelona, Servei de Premsa, [1982] | ||
| 300 | |a 355 f. ; |c 30 cm | ||
| 650 | |a Municipis |x Govern i administració |x Catalunya |x 1979/1982 |9 20783 | ||
| 710 | 1 | |9 54967 |a Barcelona (Catalunya : Província). |b Servei de Premsa | |
| 901 | |a Arxiu | ||
| 942 | |n 1 |2 udc | ||
| 952 | |0 0 |1 0 |4 0 |6 M1107 |7 1 |9 41667 |a Arxiu |b Arxiu |d 2016-12-01 |l 0 |o M-1-107 |p 8931 |r 2016-12-01 00:00:00 |w 2016-12-01 |y ARXIU | ||
| 999 | |c 43557 |d 43557 | ||